| 000 | 01046aam a2200289 a 4500 | ||
|---|---|---|---|
| 003 | BLK | ||
| 005 | 20240925095523.0 | ||
| 008 | 180925b bul||||| |||| 00| 0 bul d | ||
| 020 | _a9789540914015 | ||
| 040 | _aBLK | ||
| 041 |
_aBUL _cBUL |
||
| 080 |
_aБългарска литература(изследвания) _b821.163.2.09 _z821.163.2.09 |
||
| 100 |
_aПавлова, Лалка _91299 _eпърви автор |
||
| 139 | _aПавлова, Лалка | ||
| 245 |
_aБелези от огъня на словото _cЛалка Павлова _nТ. 1 _pЛитературна критика |
||
| 257 | _aBGR | ||
| 260 |
_bЗахарий Стоянов _c2020 _aСофия _9209473 _n978-954-739- ; 978-954-09- ; 954-9559- |
||
| 300 | _c20 см | ||
| 380 | _a82 | ||
| 650 | 0 |
_aБългарска литература - история _9246271 |
|
| 653 | 7 |
_9189421 _aкритика |
|
| 760 |
_h466 с. _oТ. 1 |
||
| 852 | _aЦб 317705 | ||
| 856 |
_i0.00 _ldisable |
||
| 942 |
_cKNG _2udc _n0 _s1 |
||
| 944 |
_aCR _c2021-06-11 _k30550 _lКети Илиева |
||
| 999 |
_c419397 _d419397 |
||